The problems of Indian society. (Record no. 84264)

MARC details
000 -LEADER
fixed length control field 00582nam a2200217 4500
001 - CONTROL NUMBER
control field sa 68012037
003 - CONTROL NUMBER IDENTIFIER
control field DLC
005 - DATE AND TIME OF LATEST TRANSACTION
control field 20260227112606.0
008 - FIXED-LENGTH DATA ELEMENTS--GENERAL INFORMATION
fixed length control field 691107s1968 ii b 00100 eng
010 ## - LIBRARY OF CONGRESS CONTROL NUMBER
LC control number sa 68012037
025 ## - OVERSEAS ACQUISITION NUMBER
Overseas acquisition number PL480:I-E-11040
050 0# - LIBRARY OF CONGRESS CALL NUMBER
Classification number HT720
Item number .B6
082 ## - DEWEY DECIMAL CLASSIFICATION NUMBER
Classification number 301.44
100 10 - MAIN ENTRY--PERSONAL NAME
Personal name Bose, Devabrata.
245 1# - TITLE STATEMENT
Title The problems of Indian society.
Statement of responsibility, etc. Foreword by P. C. Mahalanobis.
260 0# - PUBLICATION, DISTRIBUTION, ETC.
Place of publication, distribution, etc. Bombay,
Name of publisher, distributor, etc. Popular Prakashan
Date of publication, distribution, etc. [1968]
300 ## - PHYSICAL DESCRIPTION
Extent ix, 206 p.
Dimensions 22 cm.
350 ## - PRICE (NR) (BK AM CF MU VM SE) [OBSOLETE]
Price 28.00
504 ## - BIBLIOGRAPHY, ETC. NOTE
Bibliography, etc. note Bibliography: p. 193-199.
650 #0 - SUBJECT ADDED ENTRY--TOPICAL TERM
Topical term or geographic name entry element Caste
Geographic subdivision India.

No items available.

Powered by Koha